[Event "Olomouc Proclient Cup"]
[Site "Olomouc"]
[Date "2002.08.02"]
[Round "3"]
[White "Dzheranjan, Sergey"]
[Black "Ptacnikova, Lenka"]
[Result "0-1"]
[WhiteElo "2173"]
[BlackElo "2203"]
[PlyCount "78"]
[EventDate "2002.07.31"]
[EventType "tourn"]
[EventRounds "11"]
[EventCountry "CZE"]
[EventCategory "3"]
[SourceTitle "CBM 089 Extra"]
[Source "ChessBase"]
[SourceDate "2002.09.10"]
[SourceVersion "2"]
[SourceVersionDate "2002.09.10"]
[SourceQuality "1"]

1. e4 c5 2. Nf3 Nc6 3. c3 Nf6 4. e5 Nd5 5. d4 cxd4 6. Bc4 Nb6 7. Bb3 d6 8. exd6 Qxd6 9. 0-0 Be6 10. Na3 dxc3 11. Nb5 Qxd1 12. Rxd1 Rc8 13. Bxe6 fxe6 14. Nxc3 g6 15. Ng5 Nd8 16. Be3 Nc4 17. Bd4 e5 18. Bxa7 Nxb2 19. Rd2 Nc4 20. Rd3 Nc6 21. Bc5 b6 22. Be3 Nb4 23. Rd2 Nxe3 24. fxe3 Rxc3 25. Rad1 Nc6 26. Ne6 Bh6 27. Nc7+ Kf7 28. Rf1+ Kg8 29. Ne6 Bxe3+ 30. Kh1 h5 31. Rdd1 Nd4 32. Nf8 Kg7 33. Nd7 Nc6 34. Rb1 Ra8 35. Rb2 Rd8 36. Nxb6 Rb8 37. Nd5 Rxb2 38. Nxc3 Bd4 39. Ne4 Rxa2 0-1

[Event "Olomouc Proclient Cup"]
[Site "Olomouc"]
[Date "2002.07.31"]
[Round "1"]
[White "Dzheranjan, Sergey"]
[Black "Phanikanth, JSS"]
[Result "1-0"]
[WhiteElo "2173"]
[BlackElo "2161"]
[PlyCount "51"]
[EventDate "2002.07.31"]
[EventType "tourn"]
[EventRounds "11"]
[EventCountry "CZE"]
[EventCategory "3"]
[SourceTitle "CBM 089 Extra"]
[Source "ChessBase"]
[SourceDate "2002.09.10"]
[SourceVersion "2"]
[SourceVersionDate "2002.09.10"]
[SourceQuality "1"]

1. e4 e5 2. d4 exd4 3. Qxd4 Nc6 4. Qe3 Bb4+ 5. Nc3 d6 6. Bd2 Nf6 7. 0-0-0 0-0 8. f3 Re8 9. Qg5 Re5 10. Qh4 h6 11. g4 Nh7 12. Qg3 h5 13. gxh5 Rxh5 14. h4 Qf6 15. Nge2 Nf8 16. Nf4 Rh7 17. Nfd5 Qd8 18. Bg5 Qd7 19. Bh3 Ne6 20. Bf5 Bxc3 21. bxc3 Rh5 22. Qg4 Rxg5 23. hxg5 Ne7 24. Qh5 Kf8 25. Qh8+ Ng8 26. Bh7 1-0

[Event "Olomouc Proclient Cup"]
[Site "Olomouc"]
[Date "2002.07.31"]
[Round "10"]
[White "Dzheranjan, Sergey"]
[Black "Trenner, Rolf"]
[Result "0-1"]
[WhiteElo "2173"]
[BlackElo "2261"]
[PlyCount "102"]
[EventDate "2002.07.31"]
[EventType "tourn"]
[EventRounds "11"]
[EventCountry "CZE"]
[EventCategory "3"]
[SourceTitle "CBM 089 Extra"]
[Source "ChessBase"]
[SourceDate "2002.09.10"]
[SourceVersion "2"]
[SourceVersionDate "2002.09.10"]
[SourceQuality "1"]

1. e4 e5 2. Bc4 Nf6 3. d4 exd4 4. Nf3 Nxe4 5. Qxd4 Nf6 6. Bg5 Be7 7. Nc3 c6 8. 0-0-0 d5 9. Rhe1 0-0 10. Bd3 h6 11. h4 Be6 12. Qf4 Nh5 13. Qh2 Bd6 14. Qh1 Qc7 15. Bd2 Bf4 16. Nd4 Bxd2+ 17. Rxd2 Nf4 18. Bf1 Bd7 19. g3 Ne6 20. Nf5 Nc5 21. Bh3 Nba6 22. Qf3 Bxf5 23. Bxf5 Rae8 24. Rde2 Rxe2 25. Rxe2 Qd6 26. Qg4 Nc7 27. b4 Qf6 28. Re3 N5e6 29. Rf3 Qd4 30. Qh3 Qxb4 31. Bd3 g6 32. Nb1 Qe1+ 33. Kb2 Qb4+ 34. Kc1 Qe1+ 35. Kb2 Qe5+ 36. c3 d4 37. Qg4 dxc3+ 38. Nxc3 Nd5 39. Bc4 Ng7 40. Qe4 Qxe4 41. Nxe4 Nb6 42. Nf6+ Kh8 43. Bb3 Nf5 44. Ng4 Kg7 45. Ne5 Nd5 46. Rd3 Re8 47. f4 f6 48. Nc4 Re2+ 49. Ka3 Nfe3 50. Nxe3 Rxe3 51. Rd2 Rxg3 0-1